LIBRARY ONLINE CATALOGUE

The 10 commandments : (Record no. 21287)

MARC details
000 -LEADER
fixed length control field 01683cam a2200373 i 4500
001 - CONTROL NUMBER
control field 20531355
003 - CONTROL NUMBER IDENTIFIER
control field OSt
005 - DATE AND TIME OF LATEST TRANSACTION
control field 20260218154246.0
008 - FIXED-LENGTH DATA ELEMENTS--GENERAL INFORMATION
fixed length control field 180606s2018 ilu b 001 0 eng
010 ## - LIBRARY OF CONGRESS CONTROL NUMBER
LC control number 2018011864
020 ## - INTERNATIONAL STANDARD BOOK NUMBER
International Standard Book Number 9781433559679
Qualifying information (hc)
020 ## - INTERNATIONAL STANDARD BOOK NUMBER
Canceled/invalid ISBN 9781433559709
Qualifying information (ePub)
020 ## - INTERNATIONAL STANDARD BOOK NUMBER
Canceled/invalid ISBN 9781433559686
Qualifying information (PDF)
020 ## - INTERNATIONAL STANDARD BOOK NUMBER
Canceled/invalid ISBN 9781433559693
Qualifying information (Mobipocket)
035 ## - SYSTEM CONTROL NUMBER
System control number 20531355
040 ## - CATALOGING SOURCE
Original cataloging agency DLC
Language of cataloging eng
Description conventions rda
Transcribing agency DLC
Modifying agency DLC
042 ## - AUTHENTICATION CODE
Authentication code pcc
050 00 - LIBRARY OF CONGRESS CALL NUMBER
Classification number BS1285.52
Item number .D49 2018
082 00 - DEWEY DECIMAL CLASSIFICATION NUMBER
Classification number 241.5/2
Edition number 23
100 1# - MAIN ENTRY--PERSONAL NAME
Personal name DeYoung, Kevin,
Relator term author.
245 14 - TITLE STATEMENT
Title The 10 commandments :
Remainder of title what they mean, why they matter, and why we should obey them /
Statement of responsibility, etc. Kevin DeYoung.
264 #1 - PRODUCTION, PUBLICATION, DISTRIBUTION, MANUFACTURE, AND COPYRIGHT NOTICE
Place of production, publication, distribution, manufacture Wheaton, Illinois :
Name of producer, publisher, distributor, manufacturer Crossway,
Date of production, publication, distribution, manufacture, or copyright notice [2018]
300 ## - PHYSICAL DESCRIPTION
Extent 203 pages ;
Dimensions 21 cm
336 ## - CONTENT TYPE
Content type term text
Content type code txt
Source rdacontent
337 ## - MEDIA TYPE
Media type term unmediated
Media type code n
Source rdamedia
338 ## - CARRIER TYPE
Carrier type term volume
Carrier type code nc
Source rdacarrier
504 ## - BIBLIOGRAPHY, ETC. NOTE
Bibliography, etc Includes bibliographical references (pages 189-192) and indexes.
505 0# - FORMATTED CONTENTS NOTE
Formatted contents note God and God alone -- The way of worship -- What's in a name? -- Rest, rejoice, repeat -- Honor to whom honor is due -- Murder, we wrote -- An affair of the heart -- Treasures in heaven -- True witnesses -- The rare Jewel of Christian contentment.
630 00 - SUBJECT ADDED ENTRY--UNIFORM TITLE
Uniform title Ten commandments
General subdivision Criticism, interpretation, etc.
776 08 - ADDITIONAL PHYSICAL FORM ENTRY
Relationship information Online version:
Main entry heading DeYoung, Kevin, author.
Title Ten Commandments
Place, publisher, and date of publication Wheaton : Crossway, 2018
International Standard Book Number 9781433559686
Record control number (DLC) 2018029548
906 ## - LOCAL DATA ELEMENT F, LDF (RLIN)
a 7
b cbc
c orignew
d 1
e ecip
f 20
g y-gencatlg
942 ## - ADDED ENTRY ELEMENTS (KOHA)
Source of classification or shelving scheme Library of Congress Classification
Koha item type General Collection
Holdings
Withdrawn status Lost status Source of classification or shelving scheme Not for loan Home library Current library Shelving location Date acquired Source of acquisition Inventory number Total Checkouts Full call number Barcode Date last seen Copy number Price effective from Koha item type
    Library of Congress Classification   Kabarak, Main Campus Kabarak, Main Campus General Stacks 18/02/2026 Donation 2025/3320   BS1285.52 .D49 2018 C.1 38561 18/02/2026 C.1 18/02/2026 General Collection
    Library of Congress Classification   Kabarak, Main Campus Kabarak, Main Campus General Stacks 18/02/2026 Donation 2025/3315   BS1285.52 .D49 2018 C.2 38436 17/03/2026 C.2 18/02/2026 General Collection